Cost and management accounting/ (Record no. 12179)

MARC details
000 -LEADER
fixed length control field 00579nam a22002057a 4500
005 - DATE AND TIME OF LATEST TRANSACTION
control field 20260515115108.0
008 - FIXED-LENGTH DATA ELEMENTS--GENERAL INFORMATION
fixed length control field 250828b |||||||| |||| 00| 0 eng d
020 ## - INTERNATIONAL STANDARD BOOK NUMBER
International Standard Book Number 9789364408172
040 ## - CATALOGING SOURCE
Original cataloging agency IN-DiNC
Transcribing agency IN-DiNC
041 ## - LANGUAGE CODE
Language code of sung or spoken text eng
082 ## - DEWEY DECIMAL CLASSIFICATION NUMBER
Classification number 657.42
Item number COS
245 ## - TITLE STATEMENT
Title Cost and management accounting/
Statement of responsibility, etc. by SP Jain and others
260 ## - PUBLICATION, DISTRIBUTION, ETC.
Place of publication, distribution, etc. Ludhiana:
Name of publisher, distributor, etc. Kalyani,
Date of publication, distribution, etc. 2025.
650 ## - SUBJECT ADDED ENTRY--TOPICAL TERM
Topical term or geographic name entry element Cost and management accounting
700 ## - ADDED ENTRY--PERSONAL NAME
Personal name Jain, SP
Relator term author
700 ## - ADDED ENTRY--PERSONAL NAME
Personal name Narang, KL
Relator term author
700 ## - ADDED ENTRY--PERSONAL NAME
Personal name Agrawal, Simmi
Relator term author
700 ## - ADDED ENTRY--PERSONAL NAME
Personal name Sehgal, Monika
Relator term author
942 ## - ADDED ENTRY ELEMENTS (KOHA)
Source of classification or shelving scheme Dewey Decimal Classification
Koha item type Books
Holdings
Withdrawn status Lost status Source of classification or shelving scheme Damaged status Not for loan Collection Home library Current library Shelving location Date acquired Cost, normal purchase price Total checkouts Full call number Barcode Date last seen Date last checked out Copy number Price effective from Koha item type
    Dewey Decimal Classification       Naharkatiya College Library Naharkatiya College Library General stacks 08/28/2025 450.00 2 657.42 COS 30815 10/22/2025 09/25/2025 1 08/28/2025 Books
    Dewey Decimal Classification       Naharkatiya College Library Naharkatiya College Library General stacks 08/28/2025 450.00 1 657.42 COS 30816 09/25/2025 09/04/2025 2 08/28/2025 Books
    Dewey Decimal Classification       Naharkatiya College Library Naharkatiya College Library General stacks 08/28/2025 450.00 1 657.42 COS 30817 11/11/2025 09/10/2025 3 08/28/2025 Books
    Dewey Decimal Classification       Naharkatiya College Library Naharkatiya College Library General stacks 08/28/2025 450.00 1 657.42 COS 30818 11/17/2025 09/10/2025 4 08/28/2025 Books
    Dewey Decimal Classification       Naharkatiya College Library Naharkatiya College Library General stacks 08/28/2025 450.00 1 657.42 COS 30819 10/24/2025 09/25/2025 5 08/28/2025 Books